Statistics for I'm a celebrity get me out of here winners UK

Click here to take the quiz!

General Stats

  • This quiz has been taken 42 times
    (8 since last reset)
  • The average score is 12 of 24

Answer Stats

YearWinner% Correct
2023Sam Thompson
86%
2022Jill Scott
71%
2008Joe Swash
71%
2010Stacey Solomon
71%
2002Tony Blackburn
71%
2012Charlie Brooks
57%
2011Dougie Poynter
57%
2020Giovanna Fletcher
57%
2004Joe Pasquale
57%
2004Kerry Katona
57%
2013Kian Egan
57%
2015Vicky Pattison
57%
2005Carol Thatcher
43%
2017Georgia Toffolo
43%
2018Harry Redknapp
43%
2003Phil Tufnell
43%
2016Scarlett Moffatt
43%
2014Carl Fogarty
29%
2007Christopher Biggins
29%
2021Danny Miller
29%
2009Gino D'Acampo
29%
2019Jacqueline Jossa
29%
2006Matt Willis
14%
2023*Myleene Klass
14%

Score Distribution

Percentile by Number Answered

Percent of People with Each Score

Your Score History

You have not taken this quiz since the last reset